• 首页
  • 本馆介绍
  • 公告通知
  • 最新文献
  • 馆藏检索
  • 电子资源
  • 读者导购
  • 参考咨询
  • 我的图书馆
  • 登录
  • 详细信息显示
  • 放入我的书架
  • 预约/预借图书
  • 作者相关作品
  • 分类相关作品
  • 丛书相关作品
  • 出版社相关作品

书目信息

  • 表格格式
  • 工作单格式
  • 卡片格式
题名:
百年孤独
    
 
作者: 马尔克斯 著 ;范晔 译
分册:  
出版信息: 海口   南海出版公司  2011.06
页数: 360页
开本: 21cm
丛书名: 新经典文库
单 册:
中图分类: I775.45
科图分类:
主题词: 长篇小说--哥伦比亚--现代 , 长篇小说
电子资源:
ISBN: 978-7-5442-5399-4
000 01145oam2 2200313 450
001 010050013593
005 20140609104851.15
010    @a978-7-5442-5399-4@b精装@dCNY39.50
100    @a20110627d2011 em y0chiy50 ea
101 1  @achi@cfre
102    @aCN@b460000
105    @ay z 000ay
106    @ar
200 1  @a百年孤独@9bai nian gu du@f(哥伦比亚)加西亚·马尔克斯(Gabriel Garcla Marquez)著@g范晔译
210    @a海口@c南海出版公司@d2011.06
215    @a360页@d21cm
225 2  @a新经典文库@i加西亚·马尔克斯作品@v01
308    @a丛书500
312    @a书内法文题名:Cien anos de soledad
330    @a多年以后,面对行刑队,奥雷里亚诺·布恩迪亚上校将会回想起父亲带他去见识冰块的那个遥远的下午。那时的马孔多是一个二十户人家的村落,泥巴和芦苇盖成的屋子沿河岸排开……
462  0 @12001 @a加西亚·马尔克斯作品@v01
510 1  @aCien anos de soledad@zfre
606 0  @a长篇小说@y哥伦比亚@z现代
606 0  @a长篇小说
690    @aI775.45@v4
701  0 @c(哥伦比亚)@a马尔克斯@9ma er ke si@c(Marquez, Gabriel Garcla)@4著
702  0 @a范晔@9fan ye@4译
801  0 @aCN@bRENTIAN@c20110627
905    @b548270-74@dI775.45@e28-3@f5
    
    百年孤独/(哥伦比亚)加西亚·马尔克斯(Gabriel Garcla Marquez)著/范晔译.-海口:南海出版公司,2011.06
    360页;21cm.-(新经典文库.加西亚·马尔克斯作品;01)
    
    
    ISBN 978-7-5442-5399-4(精装):CNY39.50
    多年以后,面对行刑队,奥雷里亚诺·布恩迪亚上校将会回想起父亲带他去见识冰块的那个遥远的下午。那时的马孔多是一个二十户人家的村落,泥巴和芦苇盖成的屋子沿河岸排开……
●
相关链接 在E读中查询图书 在五车中查询图书 在当当中查询图书 在豆瓣中查询图书


正题名:百年孤独     索取号:I775.45/28-3         预约/预借

序号 登录号 条形码 馆藏地/架位号 状态 备注
1 548270   205482707   第一样本阅览室/ [索取号:I775.45/28-3] 在馆    
2 548271   205482716   第二借阅区/ [索取号:I775.45/28-3] 在馆    
3 548272   205482725   第二借阅区/ [索取号:I775.45/28-3] 在馆    
4 548273   205482734   第二借阅区/ [索取号:I775.45/28-3] 在馆    
5 548274   205482743   第二借阅区/ [索取号:I775.45/28-3] 在馆    
唐山师范学院图书馆 欢迎您!
大连网信软件有限公司© 版权所有